000 00646nam a2200145Ia 4500
008 170221s9999 xx 000 0 und d
100 _aTagoe NA.
245 _aWho Regulates the Mobile Money Operations by Telco ’s? The Need for an Effective and Robust Legislative and Regulatory Framework in Ghana
245 _cTagoe NA.
260 _bJournal of Business & Financial Affairs
260 _c2014
300 _a9 : 1
650 _xBusiness
856 _uhttp://www.omicsgroup.org/journals/who-regulates-the-mobile-money-operations-by-telco-s-the-needfor-an-effective-and-robust-legislative-and-regulatory-framework-ingh-2167-0234-1000208.pdf
999 _c313696
_d313696